000 00579nam a22001815i 4500
001 68513
003 ES-MaACL
005 20230906170312.0
007 t|
008 960807s1900 sp ||||1| spa d
040 _aCAM
_bspa
_cCAM
100 1 _aGarnett, Ricardo.
_955599
245 1 0 _aHistoria de la literatura italiana /
_cpor Ricardo Garnett ...; traducida por Enrique Soms y Castelín.
260 _aMadrid :
_bLa España Moderna,
_c[s.a.] (
_fAgustín Avrial)
300 _a480 p. ;
_c22 cm.
700 1 _aSoms y Castelín, Enrique.
_9107291
852 _aES-MaACL
_jB-12437
999 _c68513
_d68513